000 00284nam a2200109Ia 4500
001 1272251
005 20260417151425.0
008 260417s9999 xx 000 0 und d
020 _a9786256999992
245 0 _aKitap Avcıları-Yunus Emre
_cFeride Kurtulmuş
260 _bKetebe Çocuk
999 _c1272251
_d1272251